The executive's role in knowledge management / (Record no. 133535)
[ view plain ]
| 000 -LEADER | |
|---|---|
| fixed length control field | 00907nam a22002657a 4500 |
| 003 - CONTROL NUMBER IDENTIFIER | |
| control field | dpl |
| 005 - DATE AND TIME OF LATEST TRANSACTION | |
| control field | 20180706172936.0 |
| 008 - FIXED-LENGTH DATA ELEMENTS--GENERAL INFORMATION | |
| fixed length control field | 180620b xxu||||| |||| 00| 0 eng d |
| 010 ## - LIBRARY OF CONGRESS CONTROL NUMBER | |
| LC control number | B-132292 |
| 020 ## - INTERNATIONAL STANDARD BOOK NUMBER | |
| Terms of availability | 00.00 |
| International Standard Book Number | 0070590249 |
| 035 ## - SYSTEM CONTROL NUMBER | |
| System control number | B-132292, B-132312, B-132293 |
| 037 ## - SOURCE OF ACQUISITION | |
| Source of stock number/acquisition | Cen Lib/Ret |
| 040 ## - CATALOGING SOURCE | |
| Original cataloging agency | DPL |
| Language of cataloging | EN |
| Transcribing agency | 0 |
| 082 ## - DEWEY DECIMAL CLASSIFICATION NUMBER | |
| Classification number | 658.4038 |
| Item number | ODE |
| 100 ## - MAIN ENTRY--PERSONAL NAME | |
| Personal name | O'Dell, Carla |
| 9 (RLIN) | 39917 |
| 245 ## - TITLE STATEMENT | |
| Title | The executive's role in knowledge management / |
| Statement of responsibility, etc | by Carla O'Dell [and] Paige Leavitt |
| 260 ## - PUBLICATION, DISTRIBUTION, ETC. (IMPRINT) | |
| Place of publication, distribution, etc | New Delhi |
| Name of publisher, distributor, etc | Tata McGraw-Hill Publishing Company |
| Date of publication, distribution, etc | 2004 |
| 270 ## - ADDRESS | |
| Address | 7 West Patel Nagar |
| City | New Delhi |
| Postal code | 110008 |
| 300 ## - PHYSICAL DESCRIPTION | |
| Extent | vi,129p. |
| Dimensions | 21cm(pbk) |
| 500 ## - GENERAL NOTE | |
| General note | Includes bibliographical references and index |
| 650 ## - SUBJECT ADDED ENTRY--TOPICAL TERM | |
| Topical term or geographic name as entry element | Knowledge management |
| 9 (RLIN) | 11 |
| 650 ## - SUBJECT ADDED ENTRY--TOPICAL TERM | |
| Topical term or geographic name as entry element | BUSINESS & ECONOMICS / Knowledge Capital |
| 9 (RLIN) | 39918 |
| 700 ## - ADDED ENTRY--PERSONAL NAME | |
| Personal name | Leavitt, Paige |
| 9 (RLIN) | 38211 |
| 942 ## - ADDED ENTRY ELEMENTS (KOHA) | |
| Source of classification or shelving scheme | Dewey Decimal Classification |
| Koha item type | English Books |
| Classification part | 658.4038 |
| Call number suffix | ODE |
| Withdrawn status | Lost status | Damaged status | Not for loan | Home library | Current library | Date acquired | Source of acquisition | Cost, normal purchase price | Total Checkouts | Full call number | Barcode | Date last seen | Copy number | Cost, replacement price | Price effective from | Koha item type | Source of classification or shelving scheme | Collection code | Date checked out |
|---|---|---|---|---|---|---|---|---|---|---|---|---|---|---|---|---|---|---|---|
| Central Library | Central Library | 27/07/2015 | Cen Lib/Ret | 0.00 | 658.4038 ODE | B-132292 | 27/07/2015 | 1 | 0.00 | 15/09/2016 | English Books | ||||||||
| Patel Nagar | Patel Nagar | 06/07/2018 | BPPD/Pub | 0.00 | 1 | 658.4038 ODE | B-132293 | 07/06/2019 | 0.00 | 06/07/2018 | English Books | Dewey Decimal Classification | Non-fiction | 25/05/2019 | |||||
| Shahdara Branch | Shahdara Branch | 20/06/2018 | BPPD/PUB | 0.00 | 2 | 658.4038 ODE | B-132312 | 01/02/2025 | 0.00 | 20/06/2018 | English Books | Dewey Decimal Classification | Non-fiction | 07/01/2025 |
